B50_東京から見て南東にある市区町村 - Statistics

General Stats
  • This quiz has been taken 11 times
  • The average score is 6 of 7
Answer Stats
東京
からの
方位角
東京
からの
距離
都道府県 種類 市区町村名 % Correct
132.4 5.9 東京都 特別区 港区
100%
142.1 37.1 千葉県 袖ケ浦市
100%
128.1 78.8 千葉県 いすみ市
91%
133.4 80.9 千葉県 御宿町
91%
136.8 82.2 千葉県 勝浦市
82%
132.5 66.9 千葉県 大多喜町
73%
125.1 59.2 千葉県 長南町
64%
No matching quizzes found
Score Distribution
Percent of People with Each Score
Percentile by Number Answered
Your Score History
You have not taken this quiz